A sermon preached the 30th of January at White-Hall, 1664 : being the anniversary commemoration of K. Charls the I, martyr'd on that day /

Bibliographic Details
Main Author: King, Henry, 1592-1669
Format: Microform Book
Language:English
Series:Early English books, 1641-1700 ; 35:21.
Subjects:

MARC

Tag First Indicator Second Indicator Subfields
LEADER 00000cam a2200000 a 4500
001 in00000950921
005 20150925142633.0
007 hd afv|||baca
008 850403s1665 miu a 00010 eng d
035 |a (OCoLC)11882806 
035 |9 AES6662AM 
037 |a CL0037000001  |b UMI 
037 |b University Microfilms International, 300 N. Zeeb Rd., Ann Arbor, MI 48106 
040 |a EAA  |c EAA  |d m/c  |d UtOrBLW 
043 |a e-uk-en 
049 |a TXAI 
099 |a film   |a  B   |a  3609 
100 1 |a King, Henry,  |d 1592-1669. 
245 1 2 |a A sermon preached the 30th of January at White-Hall, 1664 :  |b being the anniversary commemoration of K. Charls the I, martyr'd on that day /  |c by Henry King ... 
264 3 |a London :  |b Printed for Henry Herringman, and are to be sold at his shop ...,  |c 1665. 
300 |a 43, that is, 49 pages 
336 |a text  |b txt  |2 rdacontent 
337 |a microform  |b h  |2 rdamedia 
338 |a microfilm reel  |b hd  |2 rdacarrier 
500 |a "Printed by His Majesties command" 
500 |a Reproduction of original in Union Theological Seminary Library, New York. 
510 4 |a Wing  |c K507 
533 |a Microfilm.  |b Ann Arbor, Mich. :  |c University Microfilms,  |d 1961.  |e 1 microfilm reel ; 35 mm.  |f (Early English books, 1641-1700 ; 35:21) 
500 |a Microform. 
610 2 0 |a Church of England  |x Sermons. 
650 0 |a Sermons, English. 
830 0 |a Early English books, 1641-1700 ;  |v 35:21. 
999 |a MARS 
999 f f |s 14094730-2577-3522-8de3-d29d39ac0b16  |i d49bf479-e727-38fd-82cc-3aa5e37f8e1c  |t 0 
952 f f |p default  |a Texas A&M University  |b College Station  |c Sterling C. Evans Library  |d Evans: Microforms (3rd floor)  |t 0  |e film B 3609 35:21  |h Other scheme  |i microform -- microfilm reel 
998 f f |a film B 3609 35:21  |t 0  |l Evans: Microforms (3rd floor)